Minesweeper Puzzles - Statistics

General Stats
  • This quiz has been taken 174 times
  • The average score is 24 of 44
Answer Stats
Question Tile Select % Correct
D No
83%
F Yes
83%
B No
81%
C Yes
81%
G No
81%
H Yes
80%
A No
79%
E Yes
74%
G Yes
72%
D Yes
70%
F Yes
70%
B Yes
66%
A No
64%
C No
63%
H Yes
63%
E Yes
61%
E No
51%
A No
50%
B No
50%
C Yes
49%
G No
49%
D Yes
48%
F No
48%
J No
48%
D Yes
46%
E Yes
46%
F No
46%
G No
46%
J No
46%
A No
45%
C No
45%
H Yes
45%
B Yes
44%
C No
44%
E Yes
43%
H Yes
42%
A Yes
41%
B Yes
41%
H No
40%
I Yes
40%
G Yes
38%
I Yes
38%
F No
35%
D Yes
29%
No matching quizzes found
Score Distribution
Percent of People with Each Score
Percentile by Number Answered
Your Score History
You have not taken this quiz